000 00297nam a2200109Ia 4500
008 200302s9999 xx 000 0 und d
100 _aKunsthalle Bielefeld
245 _aSou FujiMoto Futurospective Archtiecture
260 _bVerlag der Buchhandlung Walther Konig ,
260 _c2013
300 _a359
999 _c3399
_d3399